ARRUPE JESUIT UNIVERSITY

CORONAVIRUS -STOP THE SPREAD - CLEAN,DISINFECT,COVER

The postmodern God : (Record no. 120669)

MARC details
000 -LEADER
fixed length control field 01081pam a2200301 a 4500
001 - CONTROL NUMBER
control field 4015126
003 - CONTROL NUMBER IDENTIFIER
control field ARRUPE
005 - DATE AND TIME OF LATEST TRANSACTION
control field 20140606171847.0
008 - FIXED-LENGTH DATA ELEMENTS--GENERAL INFORMATION
fixed length control field 970331s1997 enk b 001 0 eng
010 ## - LIBRARY OF CONGRESS CONTROL NUMBER
LC control number 97008620
020 ## - INTERNATIONAL STANDARD BOOK NUMBER
International Standard Book Number 0631201408 (hardback : alk. paper)
020 ## - INTERNATIONAL STANDARD BOOK NUMBER
International Standard Book Number 0631201416 (pbk. : alk. paper)
040 ## - CATALOGING SOURCE
Original cataloging agency DLC
Transcribing agency DLC
Modifying agency DLC
050 00 - LIBRARY OF CONGRESS CALL NUMBER
Classification number BD573
Item number .P67 1997
082 00 - DEWEY DECIMAL CLASSIFICATION NUMBER
Classification number 210
Edition number 21
300 ## - PHYSICAL DESCRIPTION
Dimensions 24 cm.
245 04 - TITLE STATEMENT
Title The postmodern God :
Remainder of title a theological reader /
Statement of responsibility, etc edited by Graham Ward.
260 ## - PUBLICATION, DISTRIBUTION, ETC. (IMPRINT)
Place of publication, distribution, etc Oxford ;
-- Malden, Mass. :
Name of publisher, distributor, etc Blackwell Publishers,
Date of publication, distribution, etc 1997.
300 ## - PHYSICAL DESCRIPTION
Extent xlvii, 368 p. ;
440 #0 - SERIES STATEMENT/ADDED ENTRY--TITLE
Title Blackwell readings in modern theology
9 (RLIN) 10737
504 ## - BIBLIOGRAPHY, ETC. NOTE
Bibliography, etc Includes bibliographical references and index.
650 #0 - SUBJECT ADDED ENTRY--TOPICAL TERM
Topical term or geographic name as entry element Religion
General subdivision Philosophy.
9 (RLIN) 10738
650 #0 - SUBJECT ADDED ENTRY--TOPICAL TERM
Topical term or geographic name as entry element Postmodernism
General subdivision Religious aspects.
9 (RLIN) 10739
650 #0 - SUBJECT ADDED ENTRY--TOPICAL TERM
Topical term or geographic name as entry element God.
9 (RLIN) 10740
700 1# - ADDED ENTRY--PERSONAL NAME
Personal name Ward, Graham,
Dates associated with a name 1955-
9 (RLIN) 10741
906 ## - LOCAL DATA ELEMENT F, LDF (RLIN)
a 7
b cbc
c orignew
d 1
e ocip
f 19
g y-gencatlg
942 ## - ADDED ENTRY ELEMENTS (KOHA)
Source of classification or shelving scheme Library of Congress Classification
Koha item type Monograph ( Printed materials)
Holdings
Withdrawn status Lost status Source of classification or shelving scheme Damaged status Not for loan Collection code Home library Current library Shelving location Date acquired Total Checkouts Full call number Barcode Date last seen Price effective from Koha item type
    Library of Congress Classification     Main Collection ARRUPE LIBRARY ARRUPE LIBRARY Main Collection 06/06/2014   BD573 .P67 1997 46500000608 02/09/2016 06/06/2014 Monograph ( Printed materials)

 

Arrupe Library. PO Box MP320 Mt Pleasant, Harare, Zimbabwe
263 242 745411|librarian@aju.ac.zw